| 000 | 00551nam a2200181Ia 4500 | ||
|---|---|---|---|
| 008 | 100920s9999 xx 000 0 und d | ||
| 082 |
_b37471 _a891.464 थ 69 |
||
| 100 | _aप्रफुल्लदत्त. | ||
| 245 | _aराम जवळकर. | ||
| 260 |
_bअभिनव प्रकाशन, मुंबई 14. _c1969 |
||
| 300 |
_a131 _bसाधी |
||
| 365 | _b3 | ||
| 520 | _aनिबंध. | ||
| 630 | _aराम जवळकर. | ||
| 650 | _aनिबंध. | ||
| 730 | _aराम जवळकर. | ||
| 942 | _cBOOK | ||
| 999 |
_c690018 _d690015 |
||